MATMAT - S2 - BOIS 1 - Statistiques

Statistiques générales
  • Ce quiz a été pris 106 fois
  • Le résultat moyen est 3 sur 5
Statistiques - réponses
Question Réponse % Correct
Les feuillus sont apparus il y a : 150 millions d’années
100%
Le bois dense a tendance à : Fixer plus d’eau
100%
Le duramen est : Le cœur dur
100%
Le houppier désigne : Le feuillage supérieur
100%
Quel gaz est libéré par l’arbre lors de la photosynthèse ? O₂
100%
Quelle certification est adaptée aux forêts morcelées ? PEFC
100%
L’arbre a une triple fonction environnementale, sauf : Production d’azote
100%
Le bois utilisé dans la construction stocke du CO₂ de façon : Temporaire
100%
Combien de personnes un hêtre de 25 m peut-il alimenter en oxygène par jour ? 3
75%
Quel est l’un des éléments entrant dans le cycle biologique de l’arbre ? Dioxyde de carbone
75%
Comment appelle-t-on un tronc abattu et ébranché ? Grume
67%
Quelle molécule est présente à 40-50 % ? Cellulose
50%
Quel bois est utilisé pour la lutherie ? Épicéa
50%
Quelle est la partie entre les racines et les branches ? Tronc
50%
Quel est le système de transport de la sève chez les feuillus ? Vaisseaux
50%
Le FSC a été créé en : 1993
20%
Quelle quantité de bois est produite à partir de 1,5 t de CO₂ ? 1 t
0%
Quelle est la part de carbone dans le bois ? 50 %
0%
Les résineux ont des cellules : Continues avec ponctuations
0%
Quelle essence a la densité la plus élevée parmi les résineux listés ? Douglas
0%
Le bois non exploité libère du CO₂ sauf dans : Les racines
0%
Quelle partie transporte la sève descendante ? Liber
0%
Quel autre puits de carbone est mentionné avec les forêts ? Océans
0%
Quelle est l’essence feuillue exploitée le plus rapidement ? Peuplier noir
0%
Quelle étape suit directement l’abattage ? Post-abattage
0%
Quel événement date de 1987 ? Rapport Brundtland
0%
Que comprend l’étape de préabattage ? Reconnaissance
0%
Quelle opération se fait à la scierie ? Sciage
0%
Quel sommet a eu lieu en 1992 ? Sommet de la Terre à Rio
0%
Le Douglas est utilisé principalement pour : Structure et bardage
0%
Aucun quiz correspondant
Distribution des résultats
% des personnes avec chaque résultat
Percentile par nombre de réponses
Votre historique - résultats
Vous n’avez pas pris ce quiz